000 00352nam a2200157Ia 4500
100 _aEdminister/J.A
650 _aElectrical
250 _a2
942 _cBK
654 _aelectric
245 _aTheroy and problems of electric circuits
260 _bMcGraw Hill
_aSingapore
_c1983
082 _a621.3192
_bEDM
300 _a298
546 _aENGLISH
999 _c34027
_d34027